Guess The Types of Every Pokémon - Statistics

General Stats
  • This quiz has been taken 140 times
  • The average score is 514 of 1195
Answer Stats
Pokémon Type % Correct
Squirtle Water
96%
Wartortle Water
96%
Blastoise Water
96%
Caterpie Bug
96%
Metapod Bug
96%
Charmander Fire
96%
Charmeleon Fire
96%
Bulbasaur Grass / Poison
96%
Ivysaur Grass / Poison
94%
Venusaur Grass / Poison
94%
Butterfree Bug / Flying
94%
Weedle Bug / Poison
92%
Charizard Fire / Flying
92%
Kakuna Bug / Poison
91%
Ekans Poison
89%
Arbok Poison
89%
Rattata Normal
89%
Raticate Normal
89%
Beedrill Bug / Poison
89%
Pidgey Normal / Flying
89%
Pidgeotto Normal / Flying
89%
Pidgeot Normal / Flying
89%
Spearow Normal / Flying
89%
Fearow Normal / Flying
89%
Nidoran♀ Poison
87%
Nidorina Poison
87%
Sandshrew Ground
87%
Sandslash Ground
87%
Pikachu Electric
87%
Raichu Electric
87%
Nidoran♂ Poison
83%
Nidorino Poison
83%
Vulpix Fire
83%
Ninetales Fire
83%
Clefairy Fairy
83%
Clefable Fairy
83%
Jigglypuff Normal / Fairy
83%
Wigglytuff Normal / Fairy
83%
Zubat Poison / Flying
81%
Golbat Poison / Flying
81%
Nidoqueen Poison / Ground
81%
Nidoking Poison / Ground
81%
Oddish Grass / Poison
79%
Gloom Grass / Poison
79%
Vileplume Grass / Poison
79%
Paras Bug / Grass
77%
Parasect Bug / Grass
77%
Venonat Bug / Poison
77%
Psyduck Water
75%
Golduck Water
75%
Poliwag Water
75%
Poliwhirl Water
75%
Diglett Ground
75%
Dugtrio Ground
75%
Meowth Normal
75%
Persian Normal
75%
Growlithe Fire
75%
Arcanine Fire
75%
Ponyta Fire
75%
Rapidash Fire
75%
Abra Psychic
75%
Kadabra Psychic
75%
Alakazam Psychic
75%
Mankey Fighting
75%
Primeape Fighting
75%
Machop Fighting
75%
Machoke Fighting
75%
Machamp Fighting
75%
Tentacool Water / Poison
75%
Tentacruel Water / Poison
75%
Poliwrath Water / Fighting
75%
Bellsprout Grass / Poison
75%
Weepinbell Grass / Poison
75%
Victreebel Grass / Poison
75%
Venomoth Bug / Poison
75%
Geodude Rock / Ground
75%
Graveler Rock / Ground
75%
Golem Rock / Ground
75%
Magnemite Electric / Steel
75%
Magneton Electric / Steel
75%
Seel Water
74%
Grimer Poison
74%
Muk Poison
74%
Dewgong Water / Ice
74%
Slowpoke Water / Psychic
74%
Slowbro Water / Psychic
74%
Shellder Water
72%
Krabby Water
72%
Kingler Water
72%
Drowzee Psychic
72%
Hypno Psychic
72%
Voltorb Electric
72%
Electrode Electric
72%
Cloyster Water / Ice
72%
Gastly Ghost / Poison
72%
Haunter Ghost / Poison
72%
Gengar Ghost / Poison
72%
Farfetch'd Normal / Flying
72%
Doduo Normal / Flying
72%
Dodrio Normal / Flying
72%
Onix Rock / Ground
72%
Koffing Poison
70%
Weezing Poison
70%
Cubone Ground
70%
Marowak Ground
70%
Lickitung Normal
70%
Hitmonlee Fighting
70%
Hitmonchan Fighting
70%
Horsea Water
68%
Seadra Water
68%
Goldeen Water
68%
Seaking Water
68%
Staryu Water
68%
Tangela Grass
68%
Chansey Normal
68%
Kangaskhan Normal
68%
Starmie Water / Psychic
68%
Exeggcute Grass / Psychic
68%
Exeggutor Grass / Psychic
68%
Rhyhorn Ground / Rock
68%
Rhydon Ground / Rock
68%
Scyther Bug / Flying
68%
Mr. Mime Psychic / Fairy
68%
Magikarp Water
66%
Vaporeon Water
66%
Dratini Dragon
66%
Dragonair Dragon
66%
Pinsir Bug
66%
Tauros Normal
66%
Ditto Normal
66%
Eevee Normal
66%
Porygon Normal
66%
Snorlax Normal
66%
Magmar Fire
66%
Flareon Fire
66%
Mewtwo Psychic
66%
Mew Psychic
66%
Electabuzz Electric
66%
Jolteon Electric
66%
Lapras Water / Ice
66%
Gyarados Water / Flying
66%
Articuno Ice / Flying
66%
Jynx Ice / Psychic
66%
Dragonite Dragon / Flying
66%
Omanyte Rock / Water
66%
Omastar Rock / Water
66%
Aerodactyl Rock / Flying
66%
Moltres Fire / Flying
66%
Zapdos Electric / Flying
66%
Totodile Water
64%
Croconaw Water
64%
Feraligatr Water
64%
Chikorita Grass
64%
Bayleef Grass
64%
Meganium Grass
64%
Cyndaquil Fire
64%
Quilava Fire
64%
Typhlosion Fire
64%
Kabuto Rock / Water
64%
Kabutops Rock / Water
64%
Politoed Water
62%
Bellossom Grass
62%
Sunkern Grass
62%
Sunflora Grass
62%
Umbreon Dark
62%
Misdreavus Ghost
62%
Sentret Normal
62%
Furret Normal
62%
Teddiursa Normal
62%
Ursaring Normal
62%
Porygon2 Normal
62%
Sudowoodo Rock
62%
Slugma Fire
62%
Espeon Psychic
62%
Unown Psychic
62%
Togepi Fairy
62%
Pichu Electric
62%
Mareep Electric
62%
Flaaffy Electric
62%
Ampharos Electric
62%
Slowking Water / Psychic
62%
Marill Water / Fairy
62%
Azumarill Water / Fairy
62%
Lanturn Water / Electric
62%
Hoppip Grass / Flying
62%
Skiploom Grass / Flying
62%
Jumpluff Grass / Flying
62%
Murkrow Dark / Flying
62%
Steelix Steel / Ground
62%
Crobat Poison / Flying
62%
Scizor Bug / Steel
62%
Ledyba Bug / Flying
62%
Ledian Bug / Flying
62%
Yanma Bug / Flying
62%
Spinarak Bug / Poison
62%
Ariados Bug / Poison
62%
Shuckle Bug / Rock
62%
Heracross Bug / Fighting
62%
Hoothoot Normal / Flying
62%
Noctowl Normal / Flying
62%
Igglybuff Normal / Fairy
62%
Magcargo Fire / Rock
62%
Natu Psychic / Flying
62%
Xatu Psychic / Flying
62%
Togetic Fairy / Flying
62%
Remoraid Water
60%
Octillery Water
60%
Phanpy Ground
60%
Donphan Ground
60%
Aipom Normal
60%
Dunsparce Normal
60%
Wobbuffet Psychic
60%
Snubbull Fairy
60%
Granbull Fairy
60%
Hitmontop Fighting
60%
Mantine Water / Flying
60%
Qwilfish Water / Poison
60%
Wooper Water / Ground
60%
Quagsire Water / Ground
60%
Chinchou Water / Electric
60%
Swinub Ice / Ground
60%
Piloswine Ice / Ground
60%
Sneasel Dark / Ice
60%
Houndour Dark / Fire
60%
Houndoom Dark / Fire
60%
Skarmory Steel / Flying
60%
Stantler Normal
58%
Smeargle Normal
58%
Cleffa Fairy
58%
Tyrogue Fighting
58%
Kingdra Water / Dragon
58%
Corsola Water / Rock
58%
Delibird Ice / Flying
58%
Gligar Ground / Flying
58%
Forretress Bug / Steel
58%
Girafarig Normal / Psychic
58%
Pineco Bug
57%
Elekid Electric
57%
Raikou Electric
57%
Suicune Water
55%
Miltank Normal
55%
Blissey Normal
55%
Magby Fire
55%
Entei Fire
55%
Mudkip Water
53%
Feebas Water
53%
Milotic Water
53%
Castform(Rainy Form) Water
53%
Kyogre Water
53%
Treecko Grass
53%
Grovyle Grass
53%
Sceptile Grass
53%
Seedot Grass
53%
Shroomish Grass
53%
Castform(Snowy Form) Ice
53%
Regice Ice
53%
Poochyena Dark
53%
Mightyena Dark
53%
Registeel Steel
53%
Duskull Ghost
53%
Dusclops Ghost
53%
Groudon Ground
53%
Wurmple Bug
53%
Silcoon Bug
53%
Cascoon Bug
53%
Zigzagoon Normal
53%
Linoone Normal
53%
Castform Normal
53%
Nosepass Rock
53%
Regirock Rock
53%
Torchic Fire
53%
Castform(Sunny Form) Fire
53%
Deoxys Psychic
53%
Electrike Electric
53%
Manectric Electric
53%
Plusle Electric
53%
Minun Electric
53%
Makuhita Fighting
53%
Hariyama Fighting
53%
Lotad Water / Grass
53%
Lombre Water / Grass
53%
Ludicolo Water / Grass
53%
Carvanha Water / Dark
53%
Sharpedo Water / Dark
53%
Marshtomp Water / Ground
53%
Swampert Water / Ground
53%
Nuzleaf Grass / Dark
53%
Shiftry Grass / Dark
53%
Spheal Ice / Water
53%
Sealeo Ice / Water
53%
Walrein Ice / Water
53%
Smoochum Ice / Psychic
53%
Aron Steel / Rock
53%
Lairon Steel / Rock
53%
Aggron Steel / Rock
53%
Beautifly Bug / Flying
53%
Taillow Normal / Flying
53%
Swellow Normal / Flying
53%
Tyranitar Rock / Dark
53%
Larvitar Rock / Ground
53%
Pupitar Rock / Ground
53%
Lunatone Rock / Psychic
53%
Solrock Rock / Psychic
53%
Ho-Oh Fire / Flying
53%
Combusken Fire / Fighting
53%
Blaziken Fire / Fighting
53%
Lugia Psychic / Flying
53%
Ralts Psychic / Fairy
53%
Kirlia Psychic / Fairy
53%
Gardevoir Psychic / Fairy
53%
Meditite Fighting / Psychic
53%
Medicham Fighting / Psychic
53%
Wailmer Water
51%
Wailord Water
51%
Corphish Water
51%
Clamperl Water
51%
Huntail Water
51%
Gorebyss Water
51%
Luvdisc Water
51%
Piplup Water
51%
Prinplup Water
51%
Cacnea Grass
51%
Turtwig Grass
51%
Grotle Grass
51%
Snorunt Ice
51%
Glalie Ice
51%
Absol Dark
51%
Bagon Dragon
51%
Shelgon Dragon
51%
Shuppet Ghost
51%
Banette Ghost
51%
Seviper Poison
51%
Trapinch Ground
51%
Volbeat Bug
51%
Illumise Bug
51%
Slakoth Normal
51%
Vigoroth Normal
51%
Slaking Normal
51%
Whismur Normal
51%
Loudred Normal
51%
Exploud Normal
51%
Skitty Normal
51%
Delcatty Normal
51%
Spinda Normal
51%
Zangoose Normal
51%
Kecleon Normal
51%
Bidoof Normal
51%
Buneary Normal
51%
Lopunny Normal
51%
Glameow Normal
51%
Purugly Normal
51%
Torkoal Fire
51%
Chimchar Fire
51%
Spoink Psychic
51%
Grumpig Psychic
51%
Wynaut Psychic
51%
Crawdaunt Water / Dark
51%
Empoleon Water / Steel
51%
Wingull Water / Flying
51%
Pelipper Water / Flying
51%
Barboach Water / Ground
51%
Whiscash Water / Ground
51%
Relicanth Water / Rock
51%
Cacturne Grass / Dark
51%
Tropius Grass / Flying
51%
Roselia Grass / Poison
51%
Budew Grass / Poison
51%
Roserade Grass / Poison
51%
Torterra Grass / Ground
51%
Breloom Grass / Fighting
51%
Sableye Dark / Ghost
51%
Altaria Dragon / Flying
51%
Salamence Dragon / Flying
51%
Rayquaza Dragon / Flying
51%
Beldum Steel / Psychic
51%
Metang Steel / Psychic
51%
Metagross Steel / Psychic
51%
Drifloon Ghost / Flying
51%
Drifblim Ghost / Flying
51%
Vibrava Ground / Dragon
51%
Flygon Ground / Dragon
51%
Baltoy Ground / Psychic
51%
Claydol Ground / Psychic
51%
Shedinja Bug / Ghost
51%
Masquerain Bug / Flying
51%
Ninjask Bug / Flying
51%
Mothim Bug / Flying
51%
Combee Bug / Flying
51%
Dustox Bug / Poison
51%
Nincada Bug / Ground
51%
Swablu Normal / Flying
51%
Starly Normal / Flying
51%
Staravia Normal / Flying
51%
Staraptor Normal / Flying
51%
Lileep Rock / Grass
51%
Cradily Rock / Grass
51%
Anorith Rock / Bug
51%
Armaldo Rock / Bug
51%
Numel Fire / Ground
51%
Camerupt Fire / Ground
51%
Monferno Fire / Fighting
51%
Infernape Fire / Fighting
51%
Celebi Psychic / Grass
51%
Mime Jr. Psychic / Fairy
51%
Buizel Water
49%
Floatzel Water
49%
Shellos Water
49%
Cherubi Grass
49%
Cherrim Grass
49%
Leafeon Grass
49%
Glaceon Ice
49%
Mismagius Ghost
49%
Dusknoir Ghost
49%
Gulpin Poison
49%
Swalot Poison
49%
Hippopotas Ground
49%
Hippowdon Ground
49%
Kricketot Bug
49%
Kricketune Bug
49%
Burmy Bug
49%
Ambipom Normal
49%
Happiny Normal
49%
Munchlax Normal
49%
Porygon-Z Normal
49%
Cranidos Rock
49%
Rampardos Rock
49%
Chimecho Psychic
49%
Chingling Psychic
49%
Shinx Electric
49%
Luxio Electric
49%
Luxray Electric
49%
Pachirisu Electric
49%
Electivire Electric
49%
Riolu Fighting
49%
Gastrodon Water / Ground
49%
Honchkrow Dark / Flying
49%
Gible Dragon / Ground
49%
Gabite Dragon / Ground
49%
Garchomp Dragon / Ground
49%
Latias Dragon / Psychic
49%
Latios Dragon / Psychic
49%
Jirachi Steel / Psychic
49%
Bronzor Steel / Psychic
49%
Bronzong Steel / Psychic
49%
Mawile Steel / Fairy
49%
Spiritomb Ghost / Dark
49%
Stunky Poison / Dark
49%
Skuntank Poison / Dark
49%
Surskit Bug / Water
49%
Wormadam(Plant Cloak) Bug / Grass
49%
Vespiquen Bug / Flying
49%
Yanmega Bug / Flying
49%
Wormadam(Sandy Cloak) Bug / Ground
49%
Bibarel Normal / Water
49%
Chatot Normal / Flying
49%
Shieldon Rock / Steel
49%
Bastiodon Rock / Steel
49%
Lucario Fighting / Steel
49%
Finneon Water
47%
Lumineon Water
47%
Carnivine Grass
47%
Tangrowth Grass
47%
Lickilicky Normal
47%
Bonsly Rock
47%
Magmortar Fire
47%
Snover Grass / Ice
47%
Abomasnow Grass / Ice
47%
Froslass Ice / Ghost
47%
Mamoswine Ice / Ground
47%
Weavile Dark / Ice
47%
Drapion Poison / Dark
47%
Croagunk Poison / Fighting
47%
Toxicroak Poison / Fighting
47%
Gliscor Ground / Flying
47%
Rhyperior Ground / Rock
47%
Wormadam(Trash Cloak) Bug / Steel
47%
Azurill Normal / Fairy
47%
Probopass Rock / Steel
47%
Gallade Psychic / Fighting
47%
Togekiss Fairy / Flying
47%
Rotom(Wash Rotom) Electric / Water
47%
Rotom(Frost Rotom) Electric / Ice
47%
Magnezone Electric / Steel
47%
Rotom Electric / Ghost
47%
Rotom(Heat Rotom) Electric / Fire
47%
Arceus(Splash Plate) Water
45%
Arceus(Dread Plate) Dark
45%
Arceus(Draco Plate) Dragon
45%
Arceus(Iron Plate) Steel
45%
Arceus(Spooky Plate) Ghost
45%
Arceus(Sky Plate) Flying
45%
Arceus(Toxic Plate) Poison
45%
Arceus(Earth Plate) Ground
45%
Arceus(Insect Plate) Bug
45%
Regigigas Normal
45%
Arceus Normal
45%
Arceus(Stone Plate) Rock
45%
Arceus(Flame Plate) Fire
45%
Uxie Psychic
45%
Mesprit Psychic
45%
Azelf Psychic
45%
Arceus(Mind Plate) Psychic
45%
Palkia Water / Dragon
45%
Mantyke Water / Flying
45%
Dialga Steel / Dragon
45%
Skorupi Poison / Bug
45%
Heatran Fire / Steel
45%
Rotom(Mow Rotom) Electric / Grass
45%
Rotom(Fan Rotom) Electric / Flying
45%
Phione Water
43%
Manaphy Water
43%
Shaymin(Land Forme) Grass
43%
Arceus(Meadow Plate) Grass
43%
Arceus(Icicle Plate) Ice
43%
Darkrai Dark
43%
Cresselia Psychic
43%
Arceus(Zap Plate) Electric
43%
Arceus(Fist Plate) Fighting
43%
Shaymin(Sky Forme) Grass / Flying
43%
Giratina Ghost / Dragon
43%
Oshawott Water
42%
Dewott Water
42%
Samurott Water
42%
Snivy Grass
42%
Servine Grass
42%
Serperior Grass
42%
Patrat Normal
42%
Watchog Normal
42%
Lillipup Normal
42%
Herdier Normal
42%
Stoutland Normal
42%
Tepig Fire
42%
Gothita Psychic
42%
Gothorita Psychic
42%
Gothitelle Psychic
42%
Eelektrik Electric
42%
Eelektross Electric
42%
Foongus Grass / Poison
42%
Amoonguss Grass / Poison
42%
Pignite Fire / Fighting
42%
Emboar Fire / Fighting
42%
Panpour Water
40%
Simipour Water
40%
Tympole Water
40%
Basculin Water
40%
Alomomola Water
40%
Froakie Water
40%
Frogadier Water
40%
Mega Blastoise Water
40%
Pansage Grass
40%
Simisage Grass
40%
Petilil Grass
40%
Lilligant Grass
40%
Maractus Grass
40%
Chespin Grass
40%
Quilladin Grass
40%
Skiddo Grass
40%
Gogoat Grass
40%
Vanillite Ice
40%
Vanillish Ice
40%
Vanilluxe Ice
40%
Cubchoo Ice
40%
Beartic Ice
40%
Cryogonal Ice
40%
Purrloin Dark
40%
Liepard Dark
40%
Zorua Dark
40%
Zoroark Dark
40%
Axew Dragon
40%
Fraxure Dragon
40%
Haxorus Dragon
40%
Druddigon Dragon
40%
Klink Steel
40%
Klang Steel
40%
Klinklang Steel
40%
Yamask Ghost
40%
Cofagrigus Ghost
40%
Tornadus Flying
40%
Trubbish Poison
40%
Garbodor Poison
40%
Drilbur Ground
40%
Karrablast Bug
40%
Shelmet Bug
40%
Accelgor Bug
40%
Scatterbug Bug
40%
Spewpa Bug
40%
Audino Normal
40%
Minccino Normal
40%
Cinccino Normal
40%
Bouffalant Normal
40%
Bunnelby Normal
40%
Furfrou Normal
40%
Mega Kangaskhan Normal
40%
Roggenrola Rock
40%
Boldore Rock
40%
Gigalith Rock
40%
Pansear Fire
40%
Simisear Fire
40%
Darumaka Fire
40%
Darmanitan(Standard Mode) Fire
40%
Heatmor Fire
40%
Fennekin Fire
40%
Braixen Fire
40%
Munna Psychic
40%
Musharna Psychic
40%
Solosis Psychic
40%
Duosion Psychic
40%
Reuniclus Psychic
40%
Elgyem Psychic
40%
Beheeyem Psychic
40%
Espurr Psychic
40%
Meowstic Psychic
40%
Mega Alakazam Psychic
40%
Flabébé Fairy
40%
Floette Fairy
40%
Florges Fairy
40%
Spritzee Fairy
40%
Aromatisse Fairy
40%
Swirlix Fairy
40%
Sylveon Fairy
40%
Arceus(Pixie Plate) Fairy
40%
Blitzle Electric
40%
Zebstrika Electric
40%
Tynamo Electric
40%
Timburr Fighting
40%
Gurdurr Fighting
40%
Conkeldurr Fighting
40%
Throh Fighting
40%
Sawk Fighting
40%
Mienfoo Fighting
40%
Mienshao Fighting
40%
Pancham Fighting
40%
Greninja Water / Dark
40%
Frillish Water / Ghost
40%
Jellicent Water / Ghost
40%
Ducklett Water / Flying
40%
Swanna Water / Flying
40%
Palpitoad Water / Ground
40%
Seismitoad Water / Ground
40%
Tirtouga Water / Rock
40%
Carracosta Water / Rock
40%
Mega Slowbro Water / Psychic
40%
Ferroseed Grass / Steel
40%
Ferrothorn Grass / Steel
40%
Cottonee Grass / Fairy
40%
Whimsicott Grass / Fairy
40%
Chesnaught Grass / Fighting
40%
Deino Dark / Dragon
40%
Zweilous Dark / Dragon
40%
Hydreigon Dark / Dragon
40%
Pawniard Dark / Steel
40%
Bisharp Dark / Steel
40%
Scraggy Dark / Fighting
40%
Scrafty Dark / Fighting
40%
Kyurem Dragon / Ice
40%
Reshiram Dragon / Fire
40%
Zekrom Dragon / Electric
40%
Honedge Steel / Ghost
40%
Doublade Steel / Ghost
40%
Aegislash Steel / Ghost
40%
Mega Steelix Steel / Ground
40%
Mega Gengar Ghost / Poison
40%
Lampent Ghost / Fire
40%
Chandelure Ghost / Fire
40%
Sandile Ground / Dark
40%
Krokorok Ground / Dark
40%
Krookodile Ground / Dark
40%
Excadrill Ground / Steel
40%
Golett Ground / Ghost
40%
Golurk Ground / Ghost
40%
Landorus Ground / Flying
40%
Stunfisk Ground / Electric
40%
Escavalier Bug / Steel
40%
Durant Bug / Steel
40%
Vivillon Bug / Flying
40%
Venipede Bug / Poison
40%
Whirlipede Bug / Poison
40%
Scolipede Bug / Poison
40%
Mega Beedrill Bug / Poison
40%
Dwebble Bug / Rock
40%
Crustle Bug / Rock
40%
Larvesta Bug / Fire
40%
Volcarona Bug / Fire
40%
Joltik Bug / Electric
40%
Galvantula Bug / Electric
40%
Deerling Normal / Grass
40%
Sawsbuck Normal / Grass
40%
Pidove Normal / Flying
40%
Tranquill Normal / Flying
40%
Unfezant Normal / Flying
40%
Rufflet Normal / Flying
40%
Braviary Normal / Flying
40%
Fletchling Normal / Flying
40%
Mega Pidgeot Normal / Flying
40%
Diggersby Normal / Ground
40%
Archen Rock / Flying
40%
Archeops Rock / Flying
40%
Mega Aerodactyl Rock / Flying
40%
Mega Charizard X Fire / Dragon
40%
Fletchinder Fire / Flying
40%
Talonflame Fire / Flying
40%
Litleo Fire / Normal
40%
Pyroar Fire / Normal
40%
Delphox Fire / Psychic
40%
Woobat Psychic / Flying
40%
Swoobat Psychic / Flying
40%
Victini Psychic / Fire
40%
Emolga Electric / Flying
40%
Thundurus Electric / Flying
40%
Pangoro Fighting / Dark
40%
Clauncher Water
38%
Clawitzer Water
38%
Primal Kyogre Water
38%
Bergmite Ice
38%
Avalugg Ice
38%
Goomy Dragon
38%
Sliggoo Dragon
38%
Goodra Dragon
38%
Mega Aggron Steel
38%
Slurpuff Fairy
38%
Xerneas Fairy
38%
Mega Swampert Water / Ground
38%
Keldeo Water / Fighting
38%
Mega Venusaur Grass / Poison
38%
Vullaby Dark / Flying
38%
Mandibuzz Dark / Flying
38%
Yveltal Dark / Flying
38%
Inkay Dark / Psychic
38%
Malamar Dark / Psychic
38%
Klefki Steel / Fairy
38%
Phantump Ghost / Grass
38%
Trevenant Ghost / Grass
38%
Pumpkaboo Ghost / Grass
38%
Gourgeist Ghost / Grass
38%
Litwick Ghost / Fire
38%
Noibat Flying / Dragon
38%
Noivern Flying / Dragon
38%
Dragalge Poison / Dragon
38%
Leavanny Bug / Grass
38%
Genesect Bug / Steel
38%
Mega Pinsir Bug / Flying
38%
Meloetta(Aria Forme) Normal / Psychic
38%
Binacle Rock / Water
38%
Barbaracle Rock / Water
38%
Amaura Rock / Ice
38%
Aurorus Rock / Ice
38%
Carbink Rock / Fairy
38%
Diancie Rock / Fairy
38%
Volcanion Fire / Water
38%
Mega Charizard Y Fire / Flying
38%
Darmanitan(Zen Mode) Fire / Psychic
38%
Mega Blaziken Fire / Fighting
38%
Sigilyph Psychic / Flying
38%
Mega Gardevoir Psychic / Fairy
38%
Dedenne Electric / Fairy
38%
Hawlucha Fighting / Flying
38%
Popplio Water
36%
Brionne Water
36%
Silvally(Water Memory) Water
36%
Silvally(Grass Memory) Grass
36%
Mega Glalie Ice
36%
Silvally(Ice Memory) Ice
36%
Mega Absol Dark
36%
Silvally(Dark Memory) Dark
36%
Silvally(Dragon Memory) Dragon
36%
Silvally(Steel Memory) Steel
36%
Mega Banette Ghost
36%
Silvally(Ghost Memory) Ghost
36%
Silvally(Flying Memory) Flying
36%
Silvally(Poison Memory) Poison
36%
Silvally(Ground Memory) Ground
36%
Silvally(Bug Memory) Bug
36%
Type: Null Normal
36%
Silvally Normal
36%
Rockruff Rock
36%
Silvally(Rock Memory) Rock
36%
Litten Fire
36%
Torracat Fire
36%
Silvally(FIre Memory) Fire
36%
Silvally(Psychic Memory) Psychic
36%
Silvally(Fairy Memory) Fairy
36%
Mega Manectric Electric
36%
Silvally(Electric Memory) Electric
36%
Silvally(Fighting Memory) Fighting
36%
Mega Gyarados Water / Dark
36%
Mega Sharpedo Water / Dark
36%
Dewpider Water / Bug
36%
Araquanid Water / Bug
36%
Primarina Water / Fairy
36%
Mega Abomasnow Grass / Ice
36%
Mega Sceptile Grass / Dragon
36%
Rowlet Grass / Flying
36%
Dartrix Grass / Flying
36%
Virizion Grass / Fighting
36%
Mega Sableye Dark / Ghost
36%
Mega Houndoom Dark / Fire
36%
Mega Salamence Dragon / Flying
36%
Mega Rayquaza Dragon / Flying
36%
Zygarde Dragon / Ground
36%
Mega Garchomp Dragon / Ground
36%
Mega Latias Dragon / Psychic
36%
Mega Latios Dragon / Psychic
36%
Mega Metagross Steel / Psychic
36%
Cobalion Steel / Fighting
36%
Skrelp Poison / Water
36%
Primal Groudon Ground / Fire
36%
Sewaddle Bug / Grass
36%
Swadloon Bug / Grass
36%
Mega Scizor Bug / Steel
36%
Mega Heracross Bug / Fighting
36%
Pikipek Normal / Flying
36%
Trumbeak Normal / Flying
36%
Mega Lopunny Normal / Fighting
36%
Mega Tyranitar Rock / Dark
36%
Tyrunt Rock / Dragon
36%
Tyrantrum Rock / Dragon
36%
Terrakion Rock / Fighting
36%
Incineroar Fire / Dark
36%
Mega Camerupt Fire / Ground
36%
Hoopa Confined Psychic / Ghost
36%
Mega Gallade Psychic / Fighting
36%
Mega Ampharos Electric / Dragon
36%
Helioptile Electric / Normal
36%
Heliolisk Electric / Normal
36%
Mega Lucario Fighting / Steel
36%
Mega Medicham Fighting / Psychic
36%
Wishiwashi Water
34%
Mudsdale Ground
34%
Lycanroc Rock
34%
Mega Mewtwo Y Psychic
34%
Decidueye Grass / Ghost
34%
Mega Altaria Dragon / Fairy
34%
Mega Mawile Steel / Fairy
34%
Sandygast Ghost / Ground
34%
Palossand Ghost / Ground
34%
Toxapex Poison / Water
34%
Charjabug Bug / Electric
34%
Vikavolt Bug / Electric
34%
Toucannon Normal / Flying
34%
Mega Audino Normal / Fairy
34%
Mega Diancie Rock / Fairy
34%
Pyukumuku Water
32%
Fomantis Grass
32%
Lurantis Grass
32%
Bounsweet Grass
32%
Steenee Grass
32%
Tsareena Grass
32%
Alolan Vulpix Ice
32%
Jangmo-o Dragon
32%
Mudbray Ground
32%
Grubbin Bug
32%
Yungoos Normal
32%
Gumshoos Normal
32%
Komala Normal
32%
Cosmog Psychic
32%
Cosmoem Psychic
32%
Comfey Fairy
32%
Crabrawler Fighting
32%
Tapu Bulu Grass / Fairy
32%
Alolan Ninetales Ice / Fairy
32%
Hakamo-o Dragon / Fighting
32%
Kommo-o Dragon / Fighting
32%
Mimikyu Ghost / Fairy
32%
Mareanie Poison / Water
32%
Wimpod Bug / Water
32%
Golisopod Bug / Water
32%
Cutiefly Bug / Fairy
32%
Ribombee Bug / Fairy
32%
Oranguru Normal / Psychic
32%
Meloetta(Pirouette Forme) Normal / Fighting
32%
Stufful Normal / Fighting
32%
Bewear Normal / Fighting
32%
Hoopa Unbound Psychic / Dark
32%
Lunala Psychic / Ghost
32%
Tapu Lele Psychic / Fairy
32%
Mega Mewtwo X Psychic / Fighting
32%
Togedemaru Electric / Steel
32%
Tapu Koko Electric / Fairy
32%
Crabominable Fighting / Ice
32%
Grookey Grass
30%
Alolan Meowth Dark
30%
Alolan Persian Dark
30%
Meltan Steel
30%
Melmetal Steel
30%
Zeraora Electric
30%
Passimian Fighting
30%
Tapu Fini Water / Fairy
30%
Morelull Grass / Fairy
30%
Shiinotic Grass / Fairy
30%
Alolan Rattata Dark / Normal
30%
Alolan Raticate Dark / Normal
30%
Celesteela Steel / Flying
30%
Magearna Steel / Fairy
30%
Oricorio(Sensu Style) Ghost / Flying
30%
Alolan Grimer Poison / Dark
30%
Alolan Muk Poison / Dark
30%
Salandit Poison / Fire
30%
Salazzle Poison / Fire
30%
Buzzwole Bug / Fighting
30%
Drampa Normal / Dragon
30%
Minior Rock / Flying
30%
Turtonator Fire / Dragon
30%
Oricorio(Pom-Pom Style) Electric / Flying
30%
Alolan Raichu Electric / Psychic
30%
Sobble Water
28%
Drizzile Water
28%
Inteleon Water
28%
Thwackey Grass
28%
Rillaboom Grass
28%
Regidrago Dragon
28%
Rookidee Flying
28%
Corvisquire Flying
28%
Poipole Poison
28%
Blipbug Bug
28%
Skwovet Normal
28%
Greedent Normal
28%
Scorbunny Fire
28%
Raboot Fire
28%
Cinderace Fire
28%
Xurkitree Electric
28%
Regieleki Electric
28%
Bruxish Water / Psychic
28%
Applin Grass / Dragon
28%
Flapple Grass / Dragon
28%
Appletun Grass / Dragon
28%
Alolan Sandshrew Ice / Steel
28%
Alolan Sandslash Ice / Steel
28%
Snom Ice / Bug
28%
Frosmoth Ice / Bug
28%
Dhelmise Ghost / Grass
28%
Corviknight Flying / Steel
28%
Naganadel Poison / Dragon
28%
Alolan Diglett Ground / Steel
28%
Alolan Dugtrio Ground / Steel
28%
Nihilego Rock / Poison
28%
Alolan Geodude Rock / Electric
28%
Alolan Graveler Rock / Electric
28%
Alolan Golem Rock / Electric
28%
Blacephalon Fire / Ghost
28%
Oricorio(Baile Style) Fire / Flying
28%
Solgaleo Psychic / Steel
28%
Oricorio(Pa'u Style) Psychic / Flying
28%
Chewtle Water
26%
Arrokuda Water
26%
Barraskewda Water
26%
Gossifleur Grass
26%
Eldegoss Grass
26%
Sprigatito Grass
26%
Floragato Grass
26%
Galarian Darumaka Ice
26%
Galarian Darmanitan(Standard Mode) Ice
26%
Eiscue Ice
26%
Glastrier Ice
26%
Nickit Dark
26%
Thievul Dark
26%
Galarian Meowth Steel
26%
Perrserker Steel
26%
Cufant Steel
26%
Copperajah Steel
26%
Sinistea Ghost
26%
Polteageist Ghost
26%
Galarian Corsola Ghost
26%
Cursola Ghost
26%
Spectrier Ghost
26%
Silicobra Ground
26%
Sandaconda Ground
26%
Wooloo Normal
26%
Dubwool Normal
26%
Rolycoly Rock
26%
Stonjourner Rock
26%
Fuecoco Fire
26%
Crocalor Fire
26%
Hatenna Psychic
26%
Hattrem Psychic
26%
Milcery Fairy
26%
Alcremie Fairy
26%
Zacian(Hero of Many Battles) Fairy
26%
Yamper Electric
26%
Boltund Electric
26%
Pincurchin Electric
26%
Clobbopus Fighting
26%
Grapploct Fighting
26%
Galarian Farfetch'd Fighting
26%
Sirfetch'd Fighting
26%
Falinks Fighting
26%
Kubfu Fighting
26%
Arctovish Water / Ice
26%
Dracovish Water / Dragon
26%
Drednaw Water / Rock
26%
Meowscarada Grass / Dark
26%
Alolan Exeggutor Grass / Dragon
26%
Kartana Grass / Steel
26%
Galarian Mr. Mime Ice / Psychic
26%
Mr. Rime Ice / Psychic
26%
Guzzlord Dark / Dragon
26%
Galarian Moltres Dark / Flying
26%
Galarian Zigzagoon Dark / Normal
26%
Galarian Linoone Dark / Normal
26%
Obstagoon Dark / Normal
26%
Impidimp Dark / Fairy
26%
Morgrem Dark / Fairy
26%
Grimmsnarl Dark / Fairy
26%
Dreepy Dragon / Ghost
26%
Drakloak Dragon / Ghost
26%
Dragapult Dragon / Ghost
26%
Duraludon Steel / Dragon
26%
Cramorant Flying / Water
26%
Eternatus Poison / Dragon
26%
Galarian Yamask Ground / Ghost
26%
Runerigus Ground / Ghost
26%
Dottler Bug / Psychic
26%
Orbeetle Bug / Psychic
26%
Carkol Rock / Fire
26%
Coalossal Rock / Fire
26%
Alolan Marowak Fire / Ghost
26%
Sizzlipede Fire / Bug
26%
Centiskorch Fire / Bug
26%
Galarian Articuno Psychic / Flying
26%
Indeedee Psychic / Normal
26%
Hatterene Psychic / Fairy
26%
Arctozolt Electric / Ice
26%
Morpeko Electric / Dark
26%
Dracozolt Electric / Dragon
26%
Toxel Electric / Poison
26%
Toxtricity Electric / Poison
26%
Urshifu(Rapid Strike Style) Fighting / Water
26%
Urshifu(Single Strike Style) Fighting / Dark
26%
Marshadow Fighting / Ghost
26%
Galarian Zapdos Fighting / Flying
26%
Quaxly Water
25%
Quaxwell Water
25%
Necrozma Psychic
25%
Galarian Ponyta Psychic
25%
Galarian Slowpoke Psychic
25%
Zamazenta(Hero of Many Battles) Fighting
25%
Galarian Darmanitan(Zen Mode) Ice / Fire
25%
Zarude Dark / Grass
25%
Galarian Slowbro Poison / Psychic
25%
Galarian Slowking Poison / Psychic
25%
Galarian Weezing Poison / Fairy
25%
Pheromosa Bug / Fighting
25%
Stakataka Rock / Steel
25%
Hisuian Typhlosion Fire / Ghost
25%
Skeledirge Fire / Ghost
25%
Hisuian Growlithe Fire / Rock
25%
Hisuian Arcanine Fire / Rock
25%
Calyrex(Ice Rider) Psychic / Ice
25%
Calyrex(Shadow Rider) Psychic / Ghost
25%
Galarian Rapidash Psychic / Fairy
25%
Zacian(Crowned Sword) Fairy / Steel
25%
Hisuian Voltorb Electric / Grass
25%
Hisuian Electrode Electric / Grass
25%
Tarountula Bug
23%
Spidops Bug
23%
Nymble Bug
23%
Lechonk Normal
23%
Oinkologne Normal
23%
Tandemaus Normal
23%
Maushold Normal
23%
Fidough Fairy
23%
Dachsbun Fairy
23%
Pawmi Electric
23%
Hisuian Samurott Water / Dark
23%
Quaquaval Water / Fighting
23%
Hisuian Lilligant Grass / Fighting
23%
Hisuian Avalugg Ice / Rock
23%
Hisuian Sliggoo Steel / Dragon
23%
Hisuian Goodra Steel / Dragon
23%
Ursaluna Ground / Normal
23%
Lokix Bug / Dark
23%
Kleavor Bug / Rock
23%
Wyrdeer Normal / Psychic
23%
Calyrex Psychic / Grass
23%
Dusk Mane Necrozma Psychic / Steel
23%
Dawn Wings Necrozma Psychic / Ghost
23%
Pawmo Electric / Fighting
23%
Pawmot Electric / Fighting
23%
Zamazenta(Crowned Shield) Fighting / Steel
23%
Maschiff Dark
21%
Mabosstiff Dark
21%
Nacli Rock
21%
Naclstack Rock
21%
Garganacl Rock
21%
Charcadet Fire
21%
Tadbulb Electric
21%
Bellibolt Electric
21%
Basculegion Water / Ghost
21%
Hisuian Decidueye Grass / Fighting
21%
Overqwil Dark / Poison
21%
Squawkabilly Normal / Flying
21%
Ceruledge Fire / Ghost
21%
Ultra Necrozma Psychic / Dragon
21%
Hisuian Braviary Psychic / Flying
21%
Enamorus Fairy / Flying
21%
Wattrel Electric / Flying
21%
Kilowattrel Electric / Flying
21%
Smoliv Grass / Normal
19%
Dolliv Grass / Normal
19%
Arboliva Grass / Normal
19%
Hisuian Qwilfish Dark / Poison
19%
Galarian Stunfisk Ground / Steel
19%
Hisuian Zorua Normal / Ghost
19%
Hisuian Zoroark Normal / Ghost
19%
Armarouge Fire / Psychic
19%
Hisuian Sneasel Fighting / Poison
19%
Sneasler Fighting / Poison
19%
Wiglett Water
17%
Wugtrio Water
17%
Capsakid Grass
17%
Rellor Bug
17%
Klawf Rock
17%
Flittle Psychic
17%
Espathra Psychic
17%
Bramblin Grass / Ghost
17%
Brambleghast Grass / Ghost
17%
Scovillain Grass / Fire
17%
Toedscool Ground / Grass
17%
Toedscruel Ground / Grass
17%
Rabsca Bug / Psychic
17%
Tinkatink Fairy / Steel
17%
Tinkatuff Fairy / Steel
17%
Tinkaton Fairy / Steel
17%
Finizen Water
15%
Palafin Water
15%
Dondozo Water
15%
Cetoddle Ice
15%
Cetitan Ice
15%
Orthworm Steel
15%
Greavard Ghost
15%
Houndstone Ghost
15%
Paldean Tauros(Combat Breed) Fighting
15%
Veluza Water / Psychic
15%
Cyclizar Dragon / Normal
15%
Varoom Steel / Poison
15%
Revavroom Steel / Poison
15%
Flamigo Flying / Fighting
15%
Shroodle Poison / Normal
15%
Grafaiai Poison / Normal
15%
Dudunsparce Normal
13%
Kingambit Dark / Steel
13%
Tatsugiri Dragon / Water
13%
Bombirdier Flying / Dark
13%
Paldean Wooper Poison / Ground
13%
Clodsire Poison / Ground
13%
Farigiraf Normal / Psychic
13%
Glimmet Rock / Poison
13%
Glimmora Rock / Poison
13%
Annihilape Fighting / Ghost
13%
Gimmighoul Ghost
11%
Brute Bonnet Grass / Dark
11%
Iron Bundle Ice / Water
11%
Wo-Chien Dark / Grass
11%
Chien-Pao Dark / Ice
11%
Chi-Yu Dark / Fire
11%
Frigibax Dragon / Ice
11%
Arctibax Dragon / Ice
11%
Baxcalibur Dragon / Ice
11%
Gholdengo Steel / Ghost
11%
Sandy Shocks Electric / Ground
11%
Paldean Tauros(Aqua Breed) Fighting / Water
11%
Paldean Tauros(Blaze Breed) Fighting / Fire
11%
Ogerpon(Teal Mask) Grass
9%
Terapagos Normal
9%
Walking Wake Water / Dragon
9%
Ogerpon(Wellspring Mask) Grass / Water
9%
Dipplin Grass / Dragon
9%
Hydrapple Grass / Dragon
9%
Sinistcha Grass / Ghost
9%
Ogerpon(Hearthflame Mask) Grass / Fire
9%
Iron Jugulis Dark / Flying
9%
Ting-Lu Dark / Ground
9%
Roaring Moon Dragon / Dark
9%
Archaludon Steel / Dragon
9%
Flutter Mane Ghost / Fairy
9%
Fezandipiti Poison / Fairy
9%
Okidogi Poison / Fighting
9%
Iron Treads Ground / Steel
9%
Slither Wing Bug / Fighting
9%
Iron Boulder Rock / Psychic
9%
Gouging Fire Fire / Dragon
9%
Miraidon Electric / Dragon
9%
Raging Bolt Electric / Dragon
9%
Koraidon Fighting / Dragon
9%
Iron Hands Fighting / Electric
9%
Poltchageist Grass / Ghost
8%
Ogerpon(Cornerstone Mask) Grass / Rock
8%
Iron Leaves Grass / Psychic
8%
Iron Crown Steel / Psychic
8%
Pecharunt Poison / Ghost
8%
Munkidori Poison / Psychic
8%
Great Tusk Ground / Fighting
8%
Iron Thorns Rock / Electric
8%
Iron Moth Fire / Poison
8%
Iron Valiant Fairy / Fighting
8%
Scream Tail Fairy / Psychic
6%
No matching quizzes found
Score Distribution
Percent of People with Each Score
Percentile by Number Answered
Your Score History
You have not taken this quiz